[Event "Mechanics' Neil Falconer TNM; 30/90, SD"]
[Site "San Francisco"]
[Date "2013.08.27"]
[Round "4.1"]
[White "Manvelyan, Hayk"]
[Black "Winslow, Elliott"]
[Result "1/2-1/2"]
[WhiteElo "2340"]
[BlackElo "2298"]
[PlyCount "36"]
[EventDate "2013.??.??"]

1. d4 Nf6 2. c4 g6 3. Nc3 Bg7 4. e4 d6 5. f3 O-O 6. Be3 c5 7. d5 e6 8. Bd3 exd5
9. cxd5 a6 10. a4 Nbd7 11. Nge2 Ne5 12. O-O Nfd7 13. Nf4 Nb6 14. Qe2 Bd7 15. a5
Nc8 16. Rfb1 Na7 17. Qd2 Rc8 18. Bf1 Nb5 1/2-1/2

[Event "Mechanics' Spring TNM; 30/90, SD/30"]
[Site "San Francisco"]
[Date "2013.04.02"]
[Round "3.9"]
[White "Manvelyan, Hovik"]
[Black "Byambaa, Uyanga"]
[Result "0-1"]
[WhiteElo "1920"]
[BlackElo "2113"]
[PlyCount "76"]
[EventDate "2013.??.??"]

1. e4 c5 2. Nc3 Nc6 3. g3 g6 4. Bg2 Bg7 5. d3 e5 6. f4 d6 7. Nh3 Nf6 8. f5 gxf5
9. O-O f4 10. gxf4 Bg4 11. Qe1 Qd7 12. f5 Nd4 13. Rf2 O-O-O 14. Bg5 Rdg8 15.
Kh1 h5 16. Bh4 Bxh3 17. Bxh3 Ng4 18. Nd5 Kb8 19. c3 Nxf2+ 20. Qxf2 Nb5 21. Qf3
Qe8 22. Ne7 Rf8 23. f6 Bh6 24. Bf5 Nc7 25. Qh3 Qb5 26. b3 Qa5 27. b4 cxb4 28.
cxb4 Qa3 29. Qf1 Bf4 30. Re1 Nb5 31. Nd5 Bh6 32. Bd7 Nd4 33. Ne7 Qc3 34. b5 Qd2
35. Bf2 Bf4 36. Nc6+ bxc6 37. bxc6 Kc7 38. Re2 Qxe2 0-1

[Event "Mechanics' Summer TNM; 30/90, SD/30"]
[Site "San Francisco"]
[Date "2013.06.04"]
[Round "2.4"]
[White "Manvelyan, Hovik"]
[Black "Byambaa, Uyanga"]
[Result "1-0"]
[WhiteElo "1902"]
[BlackElo "2136"]
[Annotator "Donaldson"]
[PlyCount "93"]
[EventDate "2013.??.??"]

1. d4 Nf6 2. c4 g6 3. Nc3 Bg7 4. f3 O-O 5. e4 d6 6. Be3 e5 7. d5 Nbd7 8. Qd2 a5
9. g4 Nc5 10. Nge2 a4 11. Ng3 c6 12. h4 cxd5 13. cxd5 a3 $6 14. b4 Na4 15. Nxa4
Rxa4 16. Bb5 Ra8 17. Rc1 Bd7 18. Qd3 Qe8 19. Bxd7 Qxd7 20. Rc3 Qa4 21. Rb3 Rfc8
22. O-O Rc7 23. Ne2 Qd7 24. Bb6 Rcc8 25. Bf2 Qa4 26. Nc3 Qa6 $2 (26... Qd7 $14)
27. Nb5 $1 b6 28. Rxa3 Qb7 29. Nxd6 Rxa3 30. Qxa3 Qa8 31. Qxa8 Rxa8 32. Bxb6
Rxa2 33. Rc1 Nd7 34. Rc8+ Bf8 35. Bc5 Rc2 36. Nb7 f5 37. Rd8 Nxc5 38. bxc5 Kf7
39. c6 Be7 40. Rd7 Ke8 41. g5 fxe4 42. fxe4 Rc4 43. d6 Bf8 44. Rxh7 Rc1+ 45.
Kg2 Bxd6 46. Nxd6+ Kd8 47. Rd7# 1-0

[Event "Mechanics' Neil Falconer TNM; 30/90, SD"]
[Site "San Francisco"]
[Date "2013.08.13"]
[Round "2.12"]
[White "Manvelyan, Hovik"]
[Black "Campers Jr, Willie"]
[Result "1-0"]
[WhiteElo "1922"]
[BlackElo "1648"]
[PlyCount "63"]
[EventDate "2013.??.??"]

1. Nf3 d5 2. d4 Nf6 3. c4 c6 4. cxd5 cxd5 5. Nc3 Nc6 6. Bf4 a6 7. e3 Nh5 8. Bg5
h6 9. Bh4 g5 10. Nd2 Nf6 11. Bg3 Bf5 12. a3 b5 13. Rc1 Na5 14. Na4 bxa4 15. Bc7
Qd7 16. Bxa5 Rc8 17. Rxc8+ Qxc8 18. Qxa4+ Nd7 19. Bc3 Bg7 20. Qxa6 Qb8 21. Bd3
Bxd3 22. Qxd3 O-O 23. O-O Rc8 24. f4 Rc6 25. fxg5 hxg5 26. Qf5 Rd6 27. Qxf7+
Kh8 28. Rf3 Nf6 29. Qxe7 Ng4 30. Qxg5 Nxh2 31. Rf4 Qb5 32. Rh4+ 1-0

[Event "Mechanics' Summer TNM; 30/90, SD/30"]
[Site "San Francisco"]
[Date "2013.06.18"]
[Round "4.7"]
[White "Manvelyan, Hovik"]
[Black "Hua, Arnold"]
[Result "0-1"]
[WhiteElo "1902"]
[BlackElo "1989"]
[PlyCount "60"]
[EventDate "2013.??.??"]

1. d4 d5 2. Nf3 Nf6 3. g3 e6 4. c4 Be7 5. Bg2 O-O 6. O-O c5 7. cxd5 exd5 8.
dxc5 Ne4 9. Be3 Nc6 10. Nc3 Nxc3 11. bxc3 Be6 12. Qa4 Qa5 13. Qxa5 Nxa5 14. Ne5
Rfc8 15. Nd3 Nc4 16. Bd4 b6 17. cxb6 axb6 18. Rfb1 Ra6 19. Rb5 Rca8 20. Nb4
Bxb4 21. cxb4 Rxa2 22. Rxa2 Rxa2 23. Bxd5 Rxe2 24. Bxc4 Bxc4 25. Rxb6 h5 26.
Rd6 $16 g5 27. Rh6 f6 28. Rxf6 g4 29. Rf5 $4 (29. f3) 29... Re1+ 30. Kg2 Bf1+
0-1

[Event "Mechanics' Summer TNM; 30/90, SD/30"]
[Site "San Francisco"]
[Date "2013.06.25"]
[Round "5.12"]
[White "Manvelyan, Hovik"]
[Black "Kokesh, Tim"]
[Result "0-1"]
[WhiteElo "1902"]
[BlackElo "2119"]
[Annotator "Donaldson"]
[PlyCount "72"]
[EventDate "2013.??.??"]

1. e4 c5 2. Nc3 Nc6 3. g3 g6 4. Bg2 Bg7 5. d3 e5 6. Nh3 Nge7 7. O-O O-O (7...
d6 8. f4 exf4 9. Bxf4 h6 10. Qd2 Be6) 8. f4 exf4 (8... d6 9. f5 gxf5 10. exf5
Bxf5 11. Rxf5 Nxf5 12. Be4 Nfe7 (12... Nfd4 13. Qh5 f5 14. Bd5+ Kh8 15. Ng5 h6
16. Qg6 hxg5 17. Qh5+) 13. Bxh7+ Kxh7 14. Qh5+ Kg8 15. Ng5) 9. Nxf4 (9. Bxf4 d6
(9... h6 10. Qd2 Kh7 11. Bd6) 10. Qd2) 9... Nd4 (9... d6 10. Be3 Rb8) 10. Ncd5
Nec6 11. c3 Ne6 12. Be3 b6 13. Qe2 (13. a3) 13... Ba6 14. Rad1 Rc8 15. h4 h5
16. Nxh5 $1 gxh5 17. Qxh5 f6 18. Bh3 (18. e5 $1 Qe8 (18... fxe5 19. Be4) (18...
f5 19. Rxf5) 19. Qxe8 Rcxe8 20. exf6) 18... Qe8 19. Qxe8 Rcxe8 20. Bxe6+ dxe6
21. Nc7 Bb7 22. Nxe8 Rxe8 23. Bf4 (23. d4 cxd4 24. cxd4 Nb4) 23... Rd8 24. Kf2
Ba6 25. Ke2 e5 26. Bh6 c4 27. Bxg7 cxd3+ 28. Ke3 Kxg7 29. Rf2 Rc8 30. Rdf1 $2 (
30. b3) 30... Na5 31. Kf3 Rc4 32. Kg4 Rxe4+ 33. Kh3 Bc8+ 34. Kh2 Re2 35. Kg1
Rxf2 36. Kxf2 Bg4 0-1

[Event "Mechanics' Neil Falconer TNM; 30/90, SD"]
[Site "San Francisco"]
[Date "2013.08.27"]
[Round "4.3"]
[White "Manvelyan, Hovik"]
[Black "Maser, Thomas"]
[Result "1-0"]
[WhiteElo "1922"]
[BlackElo "1904"]
[PlyCount "57"]
[EventDate "2013.??.??"]

1. Nf3 Nf6 2. b3 e6 3. e3 d5 4. Bb2 Bd6 5. Be2 O-O 6. Ne5 c5 7. O-O Nc6 8. f4
Bxe5 9. fxe5 Nd7 10. d4 Qg5 11. Rf3 cxd4 12. exd4 f6 13. Bc1 Qg6 14. Ba3 Rd8
15. Bd3 Qg4 16. Bxh7+ Kh8 17. c3 fxe5 18. Bc2 Nf6 19. Rh3+ Kg8 20. Qxg4 Nxg4
21. Rg3 Nf6 22. dxe5 Nxe5 23. Be7 Rf8 24. Bxf8 Kxf8 25. Nd2 Bd7 26. Re1 Nf7 27.
Nf3 Rc8 28. Ne5 Be8 29. Ng6+ 1-0

[Event "Mechanics' Spring TNM; 30/90, SD/30"]
[Site "San Francisco"]
[Date "2013.04.30"]
[Round "7.8"]
[White "Manvelyan, Hovik"]
[Black "Pryor, Jamieson"]
[Result "1/2-1/2"]
[WhiteElo "1920"]
[BlackElo "2112"]
[PlyCount "105"]
[EventDate "2013.??.??"]

1. e4 c5 2. Nc3 d6 3. g3 Nc6 4. Bg2 g6 5. d3 Bg7 6. f4 e6 7. Nf3 Nge7 8. O-O
Rb8 9. Rb1 b5 10. a3 a5 11. Be3 Qb6 12. a4 bxa4 13. Nxa4 Qa7 14. e5 Nd5 15. Bf2
Bd7 16. exd6 Nd4 17. c4 Nb4 18. Ne5 Rd8 19. Bxd4 cxd4 20. Nxd7 Qxd7 21. Nc5
Qxd6 22. Nb7 Qc7 23. Nxd8 Kxd8 24. Ra1 Bf8 25. Qf3 Kd7 26. Rf2 Bc5 27. Re2 Rb8
28. Rd1 Qd6 29. Qg4 h5 30. Qg5 Rf8 31. Qe5 Kc7 32. Kf1 Rb8 33. Qxd6+ Kxd6 34.
Ke1 Na6 35. h3 Rb3 36. Kf2 Nb4 37. Red2 Na6 38. Bf1 Bb4 39. Rc2 Nc5 40. Kf3 Na4
41. g4 hxg4+ 42. hxg4 Nxb2 43. Rb1 Bc3 44. Rh2 a4 45. Rh8 Nxc4 46. Rxb3 Nd2+
47. Ke2 axb3 48. Rb8 b2 49. Rxb2 Nxf1 50. Rb7 Ne3 51. Rxf7 Nxg4 52. Rg7 Ne3 53.
Rxg6 {The game was drawn in another 20 or so moves. Both players quit keeping
score at this point.} 1/2-1/2

[Event "Mechanics' Spring TNM; 30/90, SD/30"]
[Site "San Francisco"]
[Date "2013.03.19"]
[Round "1.22"]
[White "Manvelyan, Hovik"]
[Black "Rosenstein, Perry"]
[Result "1-0"]
[WhiteElo "1920"]
[BlackElo "1513"]
[PlyCount "71"]
[EventDate "2013.??.??"]

1. e4 c6 2. d4 d5 3. e5 Bf5 4. h4 e6 5. g4 Be4 6. f3 Be7 7. h5 Bh4+ 8. Ke2 c5
9. fxe4 dxe4 10. Bg2 Nc6 11. Bxe4 Nxd4+ 12. Kf1 Qe7 13. Nf3 O-O-O 14. Bd2 Bg3
15. Nxd4 Rxd4 16. Qf3 f5 17. Qxg3 fxe4 18. Bc3 Rd1+ 19. Kg2 Qd7 20. Na3 Rxa1
21. Rxa1 Ne7 22. Nc4 Rf8 23. Nd6+ Kb8 24. Rf1 Rxf1 25. Kxf1 Nd5 26. Qf2 e3 27.
Qf8+ Kc7 28. Qf7 Qxf7+ 29. Nxf7 Kc6 30. Ng5 Nxc3 31. bxc3 Kd5 32. Nxh7 Kxe5 33.
Ke2 Kf4 34. g5 Kg4 35. h6 gxh6 36. g6 1-0

[Event "Mechanics' Neil Falconer TNM; 30/90, SD"]
[Site "San Francisco"]
[Date "2013.09.24"]
[Round "8.12"]
[White "Manvelyan, Hovik"]
[Black "Sherwood, Peter"]
[Result "0-1"]
[WhiteElo "1922"]
[BlackElo "1816"]
[Annotator "Donaldson"]
[PlyCount "42"]
[EventDate "2013.??.??"]

1. d4 d5 2. Nf3 Nf6 3. c4 e6 4. g3 Be7 5. Bg2 O-O 6. O-O Nbd7 7. cxd5 (7. Qc2)
7... exd5 8. Nc3 c6 9. a3 Nb6 10. Qc2 Re8 11. Bg5 Ne4 12. Nxe4 dxe4 13. Bxe7
Qxe7 14. Nd2 f5 (14... Bf5 15. f3 exf3 16. Qxf5 fxg2 17. Rf2 (17. Kxg2 Qxe2+)
17... Rad8) 15. e3 Be6 16. Rfc1 Qg5 17. b3 Rad8 18. Nc4 Nd5 19. Ne5 {Diagram #}
Nxe3 20. Qd2 (20. fxe3 Qxe3+ 21. Qf2 Qxf2+ 22. Kxf2 Rxd4) 20... f4 21. gxf4 $4
(21. fxe3 Qxe5) 21... Qxg2# 0-1

[Event "Mechanics' Spring TNM; 30/90, SD/30"]
[Site "San Francisco"]
[Date "2013.04.23"]
[Round "6.13"]
[White "Manvelyan, Hovik"]
[Black "Shnaiderman, Lazar"]
[Result "1-0"]
[WhiteElo "1920"]
[BlackElo "1801"]
[PlyCount "83"]
[EventDate "2013.??.??"]

1. d4 Nf6 2. c4 e6 3. Nf3 Bb4+ 4. Bd2 Qe7 5. g3 Nc6 6. Bg2 Bxd2+ 7. Nbxd2 d6 8.
O-O O-O 9. Qc2 e5 10. e3 Bg4 11. h3 Bh5 12. dxe5 dxe5 13. Nh4 Bg6 14. Nxg6 hxg6
15. a3 Qe6 16. b4 Rab8 17. Nb3 e4 18. Nc5 Qf5 19. Nxe4 Nxe4 20. Qxe4 Qxe4 21.
Bxe4 Rfd8 22. Rfd1 Kf8 23. Rac1 Ke7 24. Kf1 Rxd1+ 25. Rxd1 Rd8 26. Rxd8 Nxd8
27. Ke2 c6 28. f4 Kf6 29. h4 Ne6 30. Bf3 Ke7 31. Kd3 Kd6 32. e4 f6 33. c5+ Ke7
34. Bg4 Nc7 35. a4 b6 36. cxb6 axb6 37. a5 bxa5 38. bxa5 Kd6 39. Kc4 c5 40. Bc8
Kc6 41. a6 Na8 42. Bb7+ 1-0

[Event "Mechanics' Neil Falconer TNM; 30/90, SD"]
[Site "San Francisco"]
[Date "2013.09.10"]
[Round "6.3"]
[White "Manvelyan, Hovik"]
[Black "Traub, Igor"]
[Result "0-1"]
[WhiteElo "1922"]
[BlackElo "2059"]
[PlyCount "80"]
[EventDate "2013.??.??"]

1. d4 Nf6 2. c4 g6 3. Nc3 d6 4. e4 Bg7 5. f3 O-O 6. Be3 Nbd7 7. Qd2 Re8 8. Bd3
e5 9. d5 Nc5 10. b4 Nxd3+ 11. Qxd3 a5 12. Rb1 axb4 13. Rxb4 Nh5 14. Qd2 f5 15.
Bg5 Bf6 16. Nh3 fxe4 17. Nxe4 Bxh3 18. Nxf6+ Nxf6 19. gxh3 Rf8 20. O-O Qc8 21.
Qb2 b6 22. Rb3 Nh5 23. f4 Qa6 24. Bh6 Qxc4 25. Rc1 Qxd5 26. Bxf8 Rxf8 27. fxe5
dxe5 28. Rb5 Qd7 29. Qb3+ Kg7 30. Rxe5 Nf4 31. Re3 Qd4 32. Kh1 Nd5 33. Re2 Qf4
34. Rce1 Rf5 35. Qg3 Qc4 36. Rf2 Nf4 37. Qb3 Qc6+ 38. Qf3 Qc5 39. Qe3 Qd5+ 40.
Qe4 Re5 0-1

[Event "Mechanics' Summer TNM; 30/90, SD/30"]
[Site "San Francisco"]
[Date "2013.07.16"]
[Round "8.10"]
[White "Manvelyan, Hovik"]
[Black "Tsodikova, Natalya"]
[Result "0-1"]
[WhiteElo "1902"]
[BlackElo "2262"]
[PlyCount "114"]
[EventDate "2013.??.??"]

1. d4 Nf6 2. c4 g6 3. Nc3 Bg7 4. e4 d6 5. f3 O-O 6. Be3 c5 7. Nge2 Nc6 8. dxc5
dxc5 9. Qxd8 Rxd8 10. Bxc5 b6 11. Ba3 Ba6 12. Nb5 Rd7 13. Nec3 Bxb5 14. cxb5
Nd4 15. Bd3 Nxf3+ 16. gxf3 Rxd3 17. Ke2 Rad8 18. Rad1 Rxd1 19. Rxd1 Rxd1 20.
Kxd1 Kf8 21. Kc2 Ke8 22. Kd3 Nh5 23. Nd5 e6 24. Ne7 Be5 25. h4 Bg3 26. Nc6 Bxh4
27. Bd6 Kd7 28. Bh2 a5 29. Ne5+ Ke8 30. Nc4 Bd8 31. e5 f5 32. f4 h6 33. Ke3 g5
34. fxg5 hxg5 35. Kd2 g4 36. Bg1 Bg5+ 37. Kd1 f4 38. Bxb6 f3 39. Nd6+ Kd7 40.
Ne4 Bh4 41. Nf6+ Nxf6 42. exf6 Bxf6 43. b3 Bc3 44. Bf2 e5 45. Bg3 Bd4 46. Kd2
e4 47. Bf4 Bb6 48. a3 Ke6 49. Bg3 e3+ 50. Kd3 Kd5 51. Bh4 f2 52. Ke2 Ke4 53.
Bg3 Kd4 54. Bd6 Kc3 55. b4 axb4 56. Bxb4+ Kc4 57. Bd6 Kxb5 0-1

[Event "Mechanics' Winter TNM; 30/90, SD/30"]
[Site "San Francisco"]
[Date "2013.02.05"]
[Round "5.12"]
[White "Maser, Thomas"]
[Black "Askin, Michael"]
[Result "1-0"]
[WhiteElo "1993"]
[BlackElo "1872"]
[PlyCount "45"]
[EventDate "2013.??.??"]

1. e4 c5 2. Nf3 d6 3. d4 cxd4 4. Nxd4 Nf6 5. Nc3 a6 6. Be2 e5 7. Nb3 Be7 8. a4
O-O 9. O-O Nc6 10. Bg5 Nb4 11. Qd2 Be6 12. Rad1 Rc8 13. f4 Qb6+ 14. Kh1 Nxc2
15. fxe5 dxe5 16. Bxf6 Bxf6 17. Rxf6 gxf6 18. Qh6 Bxb3 19. Rd3 Rxc3 20. bxc3
Qf2 21. Rg3+ Qxg3 22. hxg3 Be6 23. Qc1 1-0

[Event "Mechanics' Fall TNM; 30/90, SD/30"]
[Site "San Francisco"]
[Date "2013.11.26"]
[Round "6.9"]
[White "Maser, Thomas"]
[Black "Doyle, Bryon"]
[Result "1/2-1/2"]
[WhiteElo "1900"]
[BlackElo "2076"]
[PlyCount "96"]
[EventDate "2013.??.??"]

1. e4 e5 2. Nf3 Nc6 3. Bb5 a6 4. Ba4 Nf6 5. d3 b5 6. Bb3 Be7 7. c3 O-O 8. Nbd2
d6 9. Nf1 Na5 10. Bc2 c5 11. Ne3 g6 12. O-O Qc7 13. Bd2 Bb7 14. Rc1 Rfd8 15. b4
Nc6 16. Nd5 Nxd5 17. exd5 Nb8 18. c4 bxc4 19. dxc4 cxb4 20. Ng5 Bf6 21. Qg4 Nd7
22. Bxb4 Bg7 23. Bd3 Nf6 24. Qh4 h6 25. Ne4 Nxe4 26. Bxe4 f5 27. Bb1 Qf7 28.
Bd2 g5 29. Qh3 Bc8 30. Qd3 Bd7 31. g4 fxg4 32. Qh7+ Kf8 33. Bb4 Qf6 34. c5 Qf4
35. Ba5 e4 36. Qxe4 Qxe4 37. Bxe4 Re8 38. Bg6 Re5 39. c6 Bc8 40. Rfd1 Re2 41.
Re1 Rxe1+ 42. Rxe1 Be5 43. Rb1 Kg7 44. Bd3 Bd4 45. c7 Ra7 46. Rb8 Bd7 47. c8=Q
Bxc8 48. Rxc8 Rf7 1/2-1/2

[Event "Mechanics' Neil Falconer TNM; 30/90, SD"]
[Site "San Francisco"]
[Date "2013.09.24"]
[Round "8.13"]
[White "Maser, Thomas"]
[Black "Drane, Robert"]
[Result "1-0"]
[WhiteElo "1904"]
[BlackElo "1811"]
[PlyCount "55"]
[EventDate "2013.??.??"]

1. e4 Nf6 2. e5 Nd5 3. d4 d6 4. c4 Nb6 5. f4 g6 6. Nc3 Bg7 7. Be3 O-O 8. Be2
dxe5 9. fxe5 Nc6 10. Nf3 Bg4 11. O-O Bxf3 12. Rxf3 e6 13. Qd2 Nc8 14. Ne4 f6
15. exf6 Bxf6 16. Rxf6 Rxf6 17. Bg5 Qxd4+ 18. Qxd4 Nxd4 19. Nxf6+ Kg7 20. Bd3
Nd6 21. Ng4 N6f5 22. Re1 Re8 23. Bf6+ Kf7 24. Be5 c5 25. Rf1 h5 26. Ne3 Rd8 27.
Bxd4 cxd4 28. Nxf5 1-0

[Event "Mechanics' Neil Falconer TNM; 30/90, SD"]
[Site "San Francisco"]
[Date "2013.08.13"]
[Round "2.13"]
[White "Maser, Thomas"]
[Black "Morgan, Jerry"]
[Result "1-0"]
[WhiteElo "1904"]
[BlackElo "1579"]
[PlyCount "71"]
[EventDate "2013.??.??"]

1. e4 c6 2. Ne2 d5 3. e5 Bg4 4. d4 c5 5. c3 Nc6 6. Qa4 Bf5 7. Ng3 Bd7 8. Bb5 e6
9. Be3 a6 10. Bxc6 Bxc6 11. Qb3 Bb5 12. Nd2 c4 13. Qc2 Be7 14. O-O Bg5 15. f4
Bh6 16. Nf3 Ne7 17. Rae1 Qa5 18. f5 Bxe3+ 19. Rxe3 Qxa2 20. fxe6 fxe6 21. Ng5
Ba4 22. Qf2 Kd7 23. Qf7 Raf8 24. Qxe6+ Ke8 25. Nf5 Rxf5 26. Rxf5 Bd7 27. Qf7+
Kd8 28. Rf1 Qxb2 29. Qxg7 Re8 30. e6 Bc6 31. Nf7+ Kc7 32. Nd6 Kd8 33. Nxe8 Bxe8
34. Qe5 a5 35. Qd6+ Kc8 36. Qxe7 1-0

[Event "Mechanics' Winter TNM; 30/90, SD/30"]
[Site "San Francisco"]
[Date "2013.01.22"]
[Round "3.14"]
[White "Maser, Thomas"]
[Black "Murugappan, Ganesh"]
[Result "1/2-1/2"]
[WhiteElo "1993"]
[BlackElo "1660"]
[PlyCount "92"]
[EventDate "2013.??.??"]

1. e4 c5 2. Nf3 Nc6 3. d4 cxd4 4. Nxd4 Nf6 5. Nc3 d6 6. Be3 a6 7. f4 e6 8. Be2
Be7 9. Qd2 Qc7 10. O-O O-O 11. a4 Na5 12. b3 Bd7 13. Bd3 Rac8 14. Nce2 Ng4 15.
Kh1 Nxe3 16. Qxe3 Bf6 17. Rad1 Qc5 18. Rf3 Bxd4 19. Qxd4 Qxd4 20. Nxd4 Nc6 21.
Ne2 d5 22. exd5 exd5 23. f5 Ne5 24. Rf2 Nxd3 25. cxd3 Rc2 26. Kg1 Re8 27. Nd4
Rxf2 28. Kxf2 Re5 29. g4 h5 30. h3 hxg4 31. hxg4 g6 32. Kf3 gxf5 33. Kf4 f6 34.
gxf5 Re8 35. Rc1 Rc8 36. Rxc8+ Bxc8 37. a5 Kf7 38. Kg4 Bd7 39. Ne2 Bb5 40. Nf4
Kg7 41. d4 Bc6 42. Ne6+ Kf7 43. Nc5 Kg7 44. Kh5 Kh7 45. Ne6 Be8+ 46. Kg4 Kg8
1/2-1/2

[Event "Mechanics' Summer TNM; 30/90, SD/30"]
[Site "San Francisco"]
[Date "2013.07.16"]
[Round "8.16"]
[White "Maser, Thomas"]
[Black "Niemann, Hans"]
[Result "1-0"]
[WhiteElo "1968"]
[BlackElo "1533"]
[PlyCount "63"]
[EventDate "2013.??.??"]

1. e4 b6 2. Nf3 Bb7 3. d3 e6 4. c3 Ne7 5. g3 d6 6. Bg2 Nd7 7. O-O g6 8. Be3 Bg7
9. Qd2 O-O 10. Bh6 f5 11. Nd4 Bxd4 12. Bxf8 Bxf2+ 13. Rxf2 Qxf8 14. exf5 Bxg2
15. fxe6 Nf6 16. Kxg2 Nf5 17. Qg5 Qg7 18. Nd2 h6 19. Qf4 Nd5 20. Qf3 c6 21. Re1
Rf8 22. Kg1 Rf6 23. c4 Nd4 24. Qg4 Rxf2 25. Kxf2 Ne7 26. Qf4 g5 27. Qxd6 Qf6+
28. Kg2 Nef5 29. Qb8+ Kh7 30. Qxa7+ Kg6 31. e7 Nxe7 32. Qxe7 1-0

[Event "Mechanics' Fall TNM; 30/90, SD/30"]
[Site "San Francisco"]
[Date "2013.10.29"]
[Round "2.17"]
[White "Maser, Thomas"]
[Black "Nyangar, Enkhmaa"]
[Result "1-0"]
[WhiteElo "1900"]
[BlackElo "1570"]
[Annotator "Donaldson"]
[PlyCount "51"]
[EventDate "2013.??.??"]

1. e4 e5 2. Nf3 Nc6 3. Bb5 f5 4. d3 fxe4 5. dxe4 Nf6 6. O-O Nxe4 7. Bxc6 bxc6
8. Nxe5 Qf6 9. Nd2 Qxe5 10. Nxe4 Be7 11. Re1 O-O 12. Ng5 Qc5 13. Be3 Qf5 14.
Nf3 Bd6 15. Qe2 Bb7 16. Qd3 Qh5 $4 {Diagram # Easy} (16... c5 $11) 17. Qb3+ Kh8
18. Qxb7 Rab8 19. Qxa7 Ra8 20. Qd4 Rxf3 21. gxf3 Qxh2+ 22. Kf1 Rf8 23. Qg4 h6
24. Bd4 Rf7 25. Re8+ Bf8 26. Rxf8+ 1-0

[Event "Mechanics' Winter TNM; 30/90, SD/30"]
[Site "San Francisco"]
[Date "2013.02.19"]
[Round "7.13"]
[White "Maser, Thomas"]
[Black "Solomonik, Edgar"]
[Result "1-0"]
[WhiteElo "1993"]
[BlackElo "1799"]
[PlyCount "87"]
[EventDate "2013.??.??"]

1. e4 e6 2. d4 d5 3. Nd2 c5 4. exd5 exd5 5. Bb5+ Nc6 6. Ngf3 Bg4 7. O-O g6 8.
Re1+ Nge7 9. h3 Bd7 10. Qe2 c4 11. b3 c3 12. Nb1 Qc7 13. Bxc6 Bxc6 14. Nxc3
O-O-O 15. Qe5 Nf5 16. Qxc7+ Kxc7 17. Bg5 Bb4 18. Bxd8+ Rxd8 19. Ne2 Bxe1 20.
Rxe1 Re8 21. g4 Nd6 22. Ng3 Rxe1+ 23. Nxe1 Bb5 24. f3 a5 25. Kf2 a4 26. Ke3 f6
27. Nd3 Kb6 28. Nf4 Bc6 29. Ne6 Ka5 30. Nf8 Kb4 31. Kd2 Ka3 32. Ne2 b5 33. Nc1
b4 34. Nxh7 f5 35. Nd3 fxg4 36. hxg4 Nb5 37. Ne5 Nxd4 38. Nxc6 Nxc6 39. bxa4
Nd4 40. a5 Nxf3+ 41. Ke3 Ne5 42. a6 Nc6 43. Nf8 Kxa2 44. Nxg6 1-0

[Event "Mechanics' Fall TNM; 30/90, SD/30"]
[Site "San Francisco"]
[Date "2013.11.05"]
[Round "3.7"]
[White "Maser, Thomas"]
[Black "Traub, Igor"]
[Result "1-0"]
[WhiteElo "1900"]
[BlackElo "2125"]
[Annotator "Donaldson"]
[PlyCount "107"]
[EventDate "2013.??.??"]

1. e4 e6 2. d4 d5 3. Nd2 b6 4. exd5 exd5 5. Bd3 Bd6 6. Ne2 Nf6 7. Nf3 c5 8. c3
Qc7 9. Bg5 Ne4 10. Bh4 O-O 11. Bg3 Nc6 12. dxc5 Nxc5 13. Bc2 Re8 14. Qxd5 $2 {
This greedy pawn grab is the beginning of some fireworks.} Bxg3 (14... Rxe2+
15. Kxe2 Ba6+ 16. c4 Rd8 {leaves White in a precarious position.}) 15. Bxh7+ $5
(15. hxg3 h6 {leaves White's king stuck in the center.}) 15... Kxh7 16. hxg3+
Kg8 17. Qh5 Rxe2+ {
This counter sacrifice makes perfect sense. Chances are balanced.} 18. Kxe2
Ba6+ 19. Kd1 Rd8+ 20. Nd2 $2 (20. Kc1 {was forced.}) 20... f6 21. Qh8+ Kf7 22.
Qh5+ Ke7 23. Qg4 Ne6 24. Re1 Qd6 $2 (24... Ne5 {was an easy win.}) 25. Qxg7+ {
Oops!} Ke8 26. Qg8+ Kd7 27. Qf7+ Ne7 28. Qxf6 Rf8 29. Qe5 Qxe5 30. Rxe5 Rxf2
31. Kc2 Nc6 32. Re3 Rxg2 33. Rae1 Ng5 34. Kc1 Nh3 35. Ne4 Ng1 $2 (35... Nf2 $11
) 36. Nf6+ Kc7 37. Nd5+ Kd7 38. Nf4 {winning material} Ne2+ 39. Nxe2 Bc4 40. b3
Bg8 41. Rg1 Rf2 42. Rd1+ Kc7 43. g4 Rg2 44. Rg1 Rf2 45. g5 Kd6 46. Rd1+ Kc7 47.
g6 a5 48. g7 Rg2 49. Rg1 Rxg1+ 50. Nxg1 Kd7 51. Nf3 Ne7 52. Nd4 a4 53. Kb2 axb3
54. axb3 1-0

[Event "Mechanics' Summer TNM; 30/90, SD/30"]
[Site "San Francisco"]
[Date "2013.06.18"]
[Round "4.14"]
[White "Maser, Thomas"]
[Black "Woebcke, Carl"]
[Result "1-0"]
[WhiteElo "1968"]
[BlackElo "1797"]
[PlyCount "47"]
[EventDate "2013.??.??"]

1. e4 c5 2. Nf3 d6 3. d4 cxd4 4. Nxd4 Nf6 5. Nc3 a6 6. Be2 e5 7. Nb3 Be7 8. O-O
O-O 9. Be3 Be6 10. f4 Qc7 11. a4 Nc6 12. f5 Bxb3 13. cxb3 Nb4 14. Rc1 Qa5 15.
Bc4 d5 16. exd5 Rfd8 17. Qe1 Ng4 18. Bd2 Bc5+ 19. Kh1 b5 20. Be2 Ne3 21. Rf3 (
21. Ne4 $1) 21... Qb6 22. Ne4 Nbc2 23. Qg3 Rxd5 24. Nf6+ $4 1-0

[Event "Mechanics' Spring TNM; 30/90, SD/30"]
[Site "San Francisco"]
[Date "2013.03.26"]
[Round "2.13"]
[White "Maser, Tom"]
[Black "Donnelly, Patrick"]
[Result "1-0"]
[WhiteElo "1979"]
[BlackElo "1643"]
[PlyCount "55"]
[EventDate "2013.??.??"]

1. e4 c5 2. Nf3 d6 3. d4 cxd4 4. Nxd4 Nf6 5. Nc3 a6 6. Be2 e6 7. a4 Be7 8. Be3
O-O 9. f4 Nc6 10. O-O Qc7 11. Kh1 Rd8 12. Qe1 Nxd4 13. Bxd4 e5 14. Be3 b6 15.
Qf2 Rb8 16. Rad1 Qb7 17. fxe5 dxe5 18. Nd5 b5 19. axb5 axb5 20. Bxb5 Be6 21.
Bd3 Nxe4 22. Nxe7+ Qxe7 23. Bxe4 Rxb2 24. Rxd8+ Qxd8 25. Qd2 Qh4 26. Qc3 Qxe4
27. Qxb2 h6 28. Qc3 1-0

[Event "Mechanics' Spring TNM; 30/90, SD/30"]
[Site "San Francisco"]
[Date "2013.05.07"]
[Round "8.22"]
[White "Maser, Tom"]
[Black "Morgan, Jerry"]
[Result "1-0"]
[WhiteElo "1979"]
[BlackElo "1464"]
[PlyCount "33"]
[EventDate "2013.??.??"]

1. e4 c6 2. Ne2 d5 3. e5 c5 4. d4 Bg4 5. c3 e6 6. dxc5 Bxc5 7. Qa4+ Nc6 8. Qxg4
Qb6 9. Qxg7 Bxf2+ 10. Kd1 Be3 11. Qxh8 O-O-O 12. Qxh7 Nxe5 13. Bxe3 Qxb2 14.
Qc2 Qxa1 15. Nd4 Nc4 16. Bc1 Na5 17. Nd2 1-0

[Event "Mechanics' Spring TNM; 30/90, SD/30"]
[Site "San Francisco"]
[Date "2013.04.16"]
[Round "5.12"]
[White "Maser, Tom"]
[Black "Sarafian, Greg"]
[Result "0-1"]
[WhiteElo "1979"]
[BlackElo "1815"]
[PlyCount "78"]
[EventDate "2013.??.??"]

1. e4 e5 2. Nf3 Nc6 3. Bb5 a6 4. Ba4 Nf6 5. d3 d6 6. c3 g6 7. O-O Bg7 8. Qe2
O-O 9. Rd1 h6 10. Nbd2 b5 11. Bb3 Na5 12. Bc2 c5 13. d4 Qe7 14. a4 Bd7 15. d5
c4 16. Nf1 Rfc8 17. Be3 bxa4 18. Bxa4 Nb3 19. Bxb3 cxb3 20. N3d2 a5 21. Nxb3 a4
22. Nbd2 a3 23. Rxa3 Rxa3 24. bxa3 Rxc3 25. Ra1 Ba4 26. Qa6 Qd7 27. f3 Nh5 28.
Qa5 Nf4 29. g3 Rc2 30. Rb1 Ne2+ 31. Kh1 Nc3 32. Rb4 Bb5 33. g4 h5 34. Nb1 Bxf1
35. Nxc3 hxg4 36. f4 g3 37. Rb8+ Kh7 38. Qd8 Bg2+ 39. Kg1 gxh2+ 0-1